<?xml version="1.0" encoding="UTF-8"?>
<collection xmlns="http://www.loc.gov/MARC21/slim">
  <record>
    <leader>00000nam  2200000   4500</leader>
    <controlfield tag="001">NUTBA000000000000584</controlfield>
    <controlfield tag="005">20230131074545</controlfield>
    <datafield tag="035" ind1="#" ind2="#">
      <subfield code="a">0010-031400000000583</subfield>
    </datafield>
    <controlfield tag="008">230131###########################0######</controlfield>
    <datafield tag="082" ind1="#" ind2="#">
      <subfield code="a">301.412</subfield>
    </datafield>
    <datafield tag="090" ind1="#" ind2="#">
      <subfield code="b">301.412</subfield>
    </datafield>
    <datafield tag="100" ind1="#" ind2="#">
      <subfield code="a">Hardjito Notopuro</subfield>
    </datafield>
    <datafield tag="245" ind1="1" ind2="#">
      <subfield code="a">PERANAN WANITA :</subfield>
      <subfield code="b">DALAM MASA PEMBANGUNAN DI INDONESIA /</subfield>
      <subfield code="c">Hardjito Notopuro, S.H</subfield>
    </datafield>
    <datafield tag="250" ind1="#" ind2="#">
      <subfield code="a">cET.1</subfield>
    </datafield>
    <datafield tag="260" ind1="#" ind2="#">
      <subfield code="a">JAKARTA :</subfield>
      <subfield code="b">Balai Aksara,</subfield>
      <subfield code="c">1979</subfield>
    </datafield>
    <datafield tag="300" ind1="#" ind2="#">
      <subfield code="a">159 Hlm ;</subfield>
      <subfield code="c">21 Cm</subfield>
    </datafield>
    <datafield tag="084" ind1="#" ind2="#">
      <subfield code="a">301.412 HAR p</subfield>
    </datafield>
    <datafield tag="990" ind1="#" ind2="#">
      <subfield code="a">91673/BPAP-NTB/2014</subfield>
    </datafield>
  </record>
</collection>
